000 00458nam a2200193Ia 4500
005 20250423101013.0
008 250422s9999 xx 000 0 und d
020 _a0-13-187706-2
050 _aQA 276 .M429/
100 _aMendenhall, William
245 0 _aStatistics for engineering and the sciences
250 _a5th ed.
260 _aNew Jersey
260 _bPearson
260 _c2007
300 _a1060 p
650 _aStatistics
942 _cBK
999 _c34991
_d34991